<?xml version="1.0" encoding="UTF-8"?>
<record
    xmlns:xsi="http://www.w3.org/2001/XMLSchema-instance"
    xsi:schemaLocation="http://www.loc.gov/MARC21/slim http://www.loc.gov/standards/marcxml/schema/MARC21slim.xsd"
    xmlns="http://www.loc.gov/MARC21/slim">

  <leader>01573nam a22003375a 4500</leader>
  <controlfield tag="003">EG-ScBUE</controlfield>
  <controlfield tag="005">20220731102551.0</controlfield>
  <controlfield tag="008">190610s2017    ua     f b    000 0 ara d</controlfield>
  <datafield tag="017" ind1=" " ind2=" ">
    <subfield code="a">207 / 11236</subfield>
  </datafield>
  <datafield tag="020" ind1=" " ind2=" ">
    <subfield code="a">9789776130562</subfield>
  </datafield>
  <datafield tag="040" ind1=" " ind2=" ">
    <subfield code="a">EG-ScBUE</subfield>
    <subfield code="b">ara</subfield>
    <subfield code="e">rda</subfield>
    <subfield code="c">EG-ScBUE</subfield>
    <subfield code="d">EG-ScBUE</subfield>
  </datafield>
  <datafield tag="043" ind1=" " ind2=" ">
    <subfield code="a">f------</subfield>
    <subfield code="a">aw-----</subfield>
  </datafield>
  <datafield tag="082" ind1="0" ind2="4">
    <subfield code="a">327.569406</subfield>
    <subfield code="b">&#x634; &#x631; &#x627;</subfield>
    <subfield code="2">22</subfield>
  </datafield>
  <datafield tag="245" ind1="0" ind2="2">
    <subfield code="a">&#x627;&#x644;&#x634;&#x631;&#x627;&#x643;&#x629; &#x627;&#x644;&#x623;&#x641;&#x631;&#x64A;&#x642;&#x64A;&#x629; &#x627;&#x644;&#x639;&#x631;&#x628;&#x64A;&#x629; :</subfield>
    <subfield code="b">&#x627;&#x644;&#x62A;&#x62D;&#x62F;&#x64A;&#x627;&#x62A; &#x648;&#x627;&#x644;&#x622;&#x641;&#x627;&#x642; /</subfield>
    <subfield code="c">&#x62F;. &#x623;&#x645;&#x627;&#x646;&#x64A; &#x627;&#x644;&#x637;&#x648;&#x64A;&#x644; [&#x648;&#x62E;&#x645;&#x633; &#x622;&#x62E;&#x631;&#x648;&#x646;] &#x61B; &#x625;&#x639;&#x62F;&#x627;&#x62F; &#x645;&#x631;&#x643;&#x632; &#x627;&#x644;&#x628;&#x62D;&#x648;&#x62B; &#x627;&#x644;&#x639;&#x631;&#x628;&#x64A;&#x629; &#x648;&#x627;&#x644;&#x623;&#x641;&#x631;&#x64A;&#x642;&#x64A;&#x629;.</subfield>
  </datafield>
  <datafield tag="246" ind1="3" ind2="5">
    <subfield code="a">Africa - Arab partnership :</subfield>
    <subfield code="b">challenges and perspectives</subfield>
  </datafield>
  <datafield tag="250" ind1=" " ind2=" ">
    <subfield code="a">&#x627;&#x644;&#x637;&#x628;&#x639;&#x629; &#x627;&#x644;&#x623;&#x648;&#x644;&#x649;.</subfield>
  </datafield>
  <datafield tag="264" ind1=" " ind2="1">
    <subfield code="a">&#x627;&#x644;&#x62C;&#x64A;&#x632;&#x629;&#x60C; &#x645;&#x635;&#x631; :</subfield>
    <subfield code="b">&#x645;&#x631;&#x643;&#x632; &#x627;&#x644;&#x628;&#x62D;&#x648;&#x62B; &#x627;&#x644;&#x639;&#x631;&#x628;&#x64A;&#x629; &#x648;&#x627;&#x644;&#x623;&#x641;&#x631;&#x64A;&#x642;&#x64A;&#x629; &#x61B;</subfield>
    <subfield code="a">&#x627;&#x644;&#x642;&#x627;&#x647;&#x631;&#x629; :</subfield>
    <subfield code="b">&#x627;&#x644;&#x648;&#x641;&#x62F; &#x627;&#x644;&#x62F;&#x627;&#x626;&#x645; &#x644;&#x644;&#x627;&#x62A;&#x62D;&#x627;&#x62F; &#x627;&#x644;&#x623;&#x641;&#x631;&#x64A;&#x642;&#x64A; &#x644;&#x62F;&#x649; &#x62C;&#x627;&#x645;&#x639;&#x629; &#x627;&#x644;&#x62F;&#x648;&#x644; &#x627;&#x644;&#x639;&#x631;&#x628;&#x64A;&#x629;&#x60C;</subfield>
    <subfield code="c">2017.</subfield>
  </datafield>
  <datafield tag="300" ind1=" " ind2=" ">
    <subfield code="a">162 &#x635;&#x641;&#x62D;&#x629; &#x61B;</subfield>
    <subfield code="c">24 &#x633;&#x645;</subfield>
  </datafield>
  <datafield tag="336" ind1=" " ind2=" ">
    <subfield code="2">rdacontent</subfield>
    <subfield code="a">&#x646;&#x635;</subfield>
    <subfield code="b">txt</subfield>
  </datafield>
  <datafield tag="337" ind1=" " ind2=" ">
    <subfield code="2">rdamedia</subfield>
    <subfield code="a">&#x628;&#x62F;&#x648;&#x646; &#x648;&#x633;&#x64A;&#x637;</subfield>
    <subfield code="b">n</subfield>
  </datafield>
  <datafield tag="338" ind1=" " ind2=" ">
    <subfield code="2">rdacarrier</subfield>
    <subfield code="a">&#x645;&#x62C;&#x644;&#x62F;</subfield>
    <subfield code="b">nc</subfield>
  </datafield>
  <datafield tag="541" ind1=" " ind2=" ">
    <subfield code="a">Mr. Ali Hanafi ;</subfield>
    <subfield code="c">Donation ;</subfield>
  </datafield>
  <datafield tag="650" ind1=" " ind2=" ">
    <subfield code="2">BUEsh</subfield>
  </datafield>
  <datafield tag="651" ind1=" " ind2="7">
    <subfield code="a">&#x627;&#x644;&#x628;&#x644;&#x627;&#x62F; &#x627;&#x644;&#x639;&#x631;&#x628;&#x64A;&#x629;</subfield>
    <subfield code="x">&#x639;&#x644;&#x627;&#x642;&#x627;&#x62A; &#x62E;&#x627;&#x631;&#x62C;&#x64A;&#x629;</subfield>
    <subfield code="z">&#x623;&#x641;&#x631;&#x64A;&#x642;&#x64A;&#x627;.</subfield>
    <subfield code="2">BUEsh</subfield>
  </datafield>
  <datafield tag="651" ind1=" " ind2="7">
    <subfield code="a">&#x623;&#x641;&#x631;&#x64A;&#x642;&#x64A;&#x627;</subfield>
    <subfield code="x">&#x639;&#x644;&#x627;&#x642;&#x627;&#x62A; &#x62E;&#x627;&#x631;&#x62C;&#x64A;&#x629;</subfield>
    <subfield code="z">&#x627;&#x644;&#x628;&#x644;&#x627;&#x62F; &#x627;&#x644;&#x639;&#x631;&#x628;&#x64A;&#x629;.</subfield>
    <subfield code="2">BUEsh</subfield>
  </datafield>
  <datafield tag="653" ind1=" " ind2=" ">
    <subfield code="b">BUSBOL</subfield>
    <subfield code="c">June2019</subfield>
  </datafield>
  <datafield tag="655" ind1=" " ind2=" ">
    <subfield code="v">Reading book</subfield>
    <subfield code="9">34232</subfield>
  </datafield>
  <datafield tag="700" ind1="1" ind2=" ">
    <subfield code="a">&#x637;&#x648;&#x64A;&#x644;&#x60C; &#x623;&#x645;&#x627;&#x646;&#x64A;&#x60C;</subfield>
    <subfield code="e">&#x645;&#x624;&#x644;&#x641;.</subfield>
  </datafield>
  <datafield tag="710" ind1="2" ind2=" ">
    <subfield code="a">&#x645;&#x631;&#x643;&#x632; &#x627;&#x644;&#x628;&#x62D;&#x648;&#x62B; &#x627;&#x644;&#x639;&#x631;&#x628;&#x64A;&#x629; &#x648;&#x627;&#x644;&#x623;&#x641;&#x631;&#x64A;&#x642;&#x64A;&#x629;&#x60C;</subfield>
    <subfield code="e">&#x645;&#x639;&#x62F;.</subfield>
  </datafield>
  <datafield tag="942" ind1=" " ind2=" ">
    <subfield code="2">ddc</subfield>
  </datafield>
  <datafield tag="999" ind1=" " ind2=" ">
    <subfield code="c">27524</subfield>
    <subfield code="d">27495</subfield>
  </datafield>
  <datafield tag="952" ind1=" " ind2=" ">
    <subfield code="0">0</subfield>
    <subfield code="1">0</subfield>
    <subfield code="2">ddc</subfield>
    <subfield code="4">0</subfield>
    <subfield code="7">0</subfield>
    <subfield code="8">Donation-G</subfield>
    <subfield code="a">MAIN</subfield>
    <subfield code="b">MAIN</subfield>
    <subfield code="c">1ST</subfield>
    <subfield code="d">2019-06-10</subfield>
    <subfield code="e">Donation</subfield>
    <subfield code="o">327.569406 &#x634; &#x631; &#x627;</subfield>
    <subfield code="p">000047921</subfield>
    <subfield code="r">2025-07-15 00:00:00</subfield>
    <subfield code="x">Donation from Mr. Ali Hefny</subfield>
    <subfield code="y">BB</subfield>
  </datafield>
  <datafield tag="952" ind1=" " ind2=" ">
    <subfield code="0">0</subfield>
    <subfield code="1">0</subfield>
    <subfield code="2">ddc</subfield>
    <subfield code="4">0</subfield>
    <subfield code="7">0</subfield>
    <subfield code="8">Donation-G</subfield>
    <subfield code="a">MAIN</subfield>
    <subfield code="b">MAIN</subfield>
    <subfield code="c">1ST</subfield>
    <subfield code="d">2019-06-10</subfield>
    <subfield code="e">Donation</subfield>
    <subfield code="o">327.569406 &#x634; &#x631; &#x627;</subfield>
    <subfield code="p">000047922</subfield>
    <subfield code="r">2025-07-15 00:00:00</subfield>
    <subfield code="x">Donation from Mr. Ali Hefny</subfield>
    <subfield code="y">BB</subfield>
  </datafield>
  <datafield tag="952" ind1=" " ind2=" ">
    <subfield code="0">0</subfield>
    <subfield code="1">0</subfield>
    <subfield code="2">ddc</subfield>
    <subfield code="4">0</subfield>
    <subfield code="7">0</subfield>
    <subfield code="8">Donation-G</subfield>
    <subfield code="a">MAIN</subfield>
    <subfield code="b">MAIN</subfield>
    <subfield code="c">1ST</subfield>
    <subfield code="d">2022-07-31</subfield>
    <subfield code="e">Donation</subfield>
    <subfield code="o">327.569406 &#x634; &#x631; &#x627;</subfield>
    <subfield code="p">000056359</subfield>
    <subfield code="r">2025-07-15 00:00:00</subfield>
    <subfield code="y">BB</subfield>
  </datafield>
</record>
